000 00363nam a22001457a 4500
003 OSt
005 20160727222407.0
008 160624b xxu||||| |||| 00| 0 eng d
040 _cTEST
100 _9888
_aTickoo, M. L
245 _aGulMohar Graded Eng.Course
260 _aNEW DELHI
_bORIENT LONGMAN
_c1985
300 _aGulMohar Graded Eng.Course
942 _2ddc
_cBK
999 _c702
_d702